[Event "Frankfurt Ch 2012"]
[Site "Ffm-Kalbach, LAZ"]
[Date "2012.06.11"]
[Round "6.26"]
[White "Cors, Heinz-Friedrich"]
[Black "Stock, Jürgen"]
[Result "0-1"]
[WhiteElo "1762"]
[BlackElo "1881"]
[PlyCount "100"]
[EventDate "2012.??.??"]
[WhiteTeam "SV Schachforum Darmstadt 1994"]
[BlackTeam "SC Eschborn 1974"]

1. e4 e6 2. d4 d5 3. Nd2 Be7 4. Bd3 c5 5. exd5 Qxd5 6. Ngf3 cxd4 7. O-O Nc6 8.
Be4 Qd6 9. Bxc6+ bxc6 10. Ne4 Qd5 11. Qxd4 Nf6 12. Nc3 Qxd4 13. Nxd4 Bb7 14.
Bg5 h6 15. Bf4 Nd5 16. Nxd5 cxd5 17. Rfe1 O-O 18. c3 a5 19. a4 Rfc8 20. Nf5 Bf8
21. Nd6 Bxd6 22. Bxd6 Ra6 23. Bf4 Rb6 24. Bc1 Rb3 25. f3 Rc4 26. Kf2 Bc6 27.
Rd1 e5 28. Ke2 f5 29. Kd3 Bxa4 30. Ke3 f4+ 31. Kd2 e4 32. Ke1 Rb5 33. Rd4 Bc2
34. Bxf4 Rxd4 35. cxd4 exf3 36. gxf3 a4 37. Kd2 Bb3 38. Be5 Rb6 39. Rg1 g6 40.
Rc1 Bc4 41. Kc2 Kf7 42. f4 Ke6 43. Bg7 h5 44. Rg1 Kf5 45. Be5 Ke4 46. Rg5 Bd3+
47. Kc1 Rc6+ 48. Kd1 h4 49. Rg4 Ke3 50. Rg2 a3 0-1

[Event "Frankfurt Ch 2012"]
[Site "Ffm-Kalbach, LAZ"]
[Date "2012.06.11"]
[Round "6.27"]
[White "Czech, Ludwig"]
[Black "Rolf, Marco"]
[Result "1/2-1/2"]
[WhiteElo "1961"]
[BlackElo "1737"]
[PlyCount "70"]
[EventDate "2012.??.??"]
[WhiteTeam "VSG 1880 Offenbach"]
[BlackTeam "SK Bad Homburg 1927"]

1. c4 d5 2. cxd5 Nf6 3. Nc3 Nxd5 4. g3 g6 5. Bg2 Nxc3 6. bxc3 Bg7 7. Nf3 O-O 8.
O-O c5 9. Qc2 Nc6 10. Rb1 Qc7 11. d3 b6 12. Bg5 Bb7 13. a3 c4 14. d4 Na5 15. e4
f5 16. Nd2 e5 17. exf5 Bxg2 18. Kxg2 Rxf5 19. Be3 Raf8 20. d5 Qd7 21. Qe4 Rh5
22. h4 Nb7 23. Nxc4 Nc5 24. Bxc5 Rf4 25. Qd3 e4 26. Qe3 Rhxh4 27. Rh1 Rf3 28.
Rxh4 Rxe3 29. Bxe3 Qxd5 30. Nd2 Bxc3 31. Rd1 h5 32. Rhh1 Qf5 33. f4 exf3+ 34.
Nxf3 Qe4 35. Bf2 g5 1/2-1/2

[Event "Frankfurt Ch 2012"]
[Site "Ffm-Kalbach, LAZ"]
[Date "2012.06.11"]
[Round "6.28"]
[White "Geipert, Wilfried"]
[Black "Rondonuwu, Grover"]
[Result "0-1"]
[WhiteElo "1689"]
[BlackElo "2042"]
[PlyCount "32"]
[EventDate "2012.??.??"]
[WhiteTeam "SC Brett vor'm Kopp Ffm"]
[BlackTeam "Sabt Frankfurter TV 1860"]

1. d4 Nf6 2. c4 e6 3. Nc3 Bb4 4. a3 Bxc3+ 5. bxc3 d6 6. f3 Nh5 7. Nh3 O-O 8. e4
Nc6 9. Bd3 e5 10. Bg5 f6 11. Be3 Bxh3 12. gxh3 Qd7 13. Qe2 Qxh3 14. Kd2 Rae8
15. Rag1 f5 16. exf5 exd4 0-1

[Event "Frankfurt Ch 2012"]
[Site "Ffm-Kalbach, LAZ"]
[Date "2012.06.11"]
[Round "6.29"]
[White "Kulenovic, Adnan"]
[Black "Barisch, Florian"]
[Result "0-1"]
[WhiteElo "1949"]
[BlackElo "1800"]
[PlyCount "52"]
[EventDate "2012.??.??"]
[WhiteTeam "SK Springer Rodenbach"]
[BlackTeam "SV 1934 Ffm-Griesheim"]

1. c3 d5 2. d4 Nf6 3. f3 Bf5 4. Bf4 c6 5. g4 Bg6 6. e3 e6 7. h4 Bd6 8. Bxd6
Qxd6 9. Qd2 Nbd7 10. Na3 h6 11. Ne2 e5 12. O-O-O e4 13. Nf4 exf3 14. Nxg6 Ne4
15. Qc2 fxg6 16. Bd3 Qe6 17. c4 O-O 18. g5 h5 19. Nb1 Ng3 20. e4 dxe4 21. Qh2
Nxh1 22. Bc2 Nf2 23. Qxf2 e3 24. Qe1 e2 25. d5 Qe3+ 26. Nd2 f2 0-1

[Event "Frankfurt Ch 2012"]
[Site "Ffm-Kalbach, LAZ"]
[Date "2012.06.11"]
[Round "6.30"]
[White "Neumann, Manfred"]
[Black "Gräbner, Walter"]
[Result "0-1"]
[WhiteElo "1798"]
[BlackElo "1935"]
[PlyCount "82"]
[EventDate "2012.??.??"]
[WhiteTeam "SC 1961 König Nied"]
[BlackTeam "SC 1961 König Nied"]

1. c4 Nf6 2. Nc3 g6 3. d4 c5 4. d5 Bg7 5. e4 d6 6. Nf3 O-O 7. Be2 e5 8. O-O Ne8
9. a3 f5 10. Ng5 Qe7 11. exf5 gxf5 12. g4 Rf6 13. gxf5 Bxf5 14. Nge4 Rg6+ 15.
Kh1 Bxe4+ 16. Nxe4 Qh4 17. Bd3 Nf6 18. Nxf6+ Rxf6 19. Qe2 Nd7 20. Qe4 Qxe4+ 21.
Bxe4 Bh6 22. Rg1+ Kf7 23. Bxh6 Rxh6 24. Rg3 Rg8 25. Rxg8 Kxg8 26. Rg1+ Kf7 27.
Rg3 Rh4 28. Bf5 Nf8 29. b3 Rf4 30. Bc8 Rxf2 31. Bxb7 Ng6 32. Kg1 Rf4 33. Bc8
Kf6 34. Rg2 e4 35. b4 cxb4 36. axb4 Ke5 37. Bg4 Kd4 38. Be2 Rf7 39. Bf1 Ne5 40.
Rc2 Nf3+ 41. Kh1 Ne1 0-1

[Event "Frankfurt Ch 2012"]
[Site "Ffm-Kalbach, LAZ"]
[Date "2012.06.11"]
[Round "6.31"]
[White "Zimmer, Gerald"]
[Black "Roggensack, Hans Peter"]
[Result "0-1"]
[WhiteElo "1888"]
[BlackElo "1822"]
[PlyCount "24"]
[EventDate "2012.??.??"]
[WhiteTeam "SC Bergen-Enkheim 1922"]
[BlackTeam "Sfr. Frankfurt 1921"]

1. d4 d5 2. c4 c6 3. Nc3 dxc4 4. a4 e5 5. Nf3 exd4 6. Nxd4 Nd7 7. e4 Ne5 8. Be3
Nf6 9. Be2 Nfg4 10. Qd2 Nxe3 11. Qxe3 Bc5 12. Rd1 Nd3+ 0-1

[Event "Frankfurt Ch 2012"]
[Site "Ffm-Kalbach, LAZ"]
[Date "2012.06.11"]
[Round "6.32"]
[White "Liebske, Reiner"]
[Black "Lebermann, Hellmuth"]
[Result "0-1"]
[WhiteElo "1672"]
[BlackElo "1862"]
[PlyCount "50"]
[EventDate "2012.??.??"]
[WhiteTeam "SV Frankfurt Nord 1926"]
[BlackTeam "SK Bad Homburg 1927"]

1. e4 e5 2. Nf3 d5 3. Nxe5 Bd6 4. d4 dxe4 5. Be2 Ne7 6. Nc3 Bf5 7. O-O Nbc6 8.
Nc4 Nxd4 9. Nxd6+ Qxd6 10. Be3 O-O-O 11. Bg4 Qg6 12. Bxf5+ Nexf5 13. Qc1 Nf3+
14. Kh1 N5h4 15. g3 Nf5 16. Kg2 Qg4 17. Rh1 N3h4+ 18. Kf1 Qh3+ 19. Ke2 Rhe8 20.
Bg5 Nd4+ 21. Ke1 Nhf3+ 22. Kd1 Nb3+ 23. Bxd8 Rxd8+ 24. Ke2 Nxc1+ 25. Raxc1 f5
0-1

[Event "Frankfurt Ch 2012"]
[Site "Ffm-Kalbach, LAZ"]
[Date "2012.06.11"]
[Round "6.33"]
[White "Willems, Matthias"]
[Black "Genis, Roy"]
[Result "1-0"]
[WhiteElo "1862"]
[BlackElo "1730"]
[PlyCount "69"]
[EventDate "2012.??.??"]
[WhiteTeam "SC Bad Nauheim"]
[BlackTeam "Sfr. Frankfurt 1921"]

1. d4 d5 2. Bf4 Nf6 3. e3 e6 4. Nf3 Bd6 5. Ne5 O-O 6. Nd2 Ne4 7. Nxe4 dxe4 8.
f3 f6 9. Ng4 Bxf4 10. exf4 exf3 11. gxf3 Nc6 12. c3 f5 13. Nf2 Qh4 14. Qd2 Ne7
15. O-O-O Ng6 16. Nd3 b6 17. Re1 Bb7 18. Rxe6 Bxf3 19. Rg1 Bd5 20. Rexg6 hxg6
21. b3 Rf6 22. Ne5 Re8 23. Rg3 Rfe6 24. Bd3 c6 25. Kb2 g5 26. Rxg5 Rh6 27. Ka3
Qxh2 28. Qxh2 Rxh2 29. Bxf5 Rh4 30. Bg6 Rf8 31. c4 Bh1 32. f5 Rxd4 33. Rh5 Bg2
34. Bh7+ Kh8 35. Ng6# 1-0

[Event "Frankfurt Ch 2012"]
[Site "Ffm-Kalbach, LAZ"]
[Date "2012.06.11"]
[Round "6.34"]
[White "Goldt, Rainer"]
[Black "Budde, Michael"]
[Result "1-0"]
[WhiteElo "1852"]
[BlackElo "1720"]
[PlyCount "64"]
[EventDate "2012.??.??"]
[WhiteTeam "Kreuznacher SV 1921 e.V."]
[BlackTeam "SC 1979 Hattersheim"]

1. e4 Nf6 2. e5 Nd5 3. c4 Nb6 4. d4 d6 5. f4 dxe5 6. fxe5 Nc6 7. Be3 Bf5 8. Nc3
e6 9. Nf3 Bb4 10. Rc1 Qd7 11. Be2 O-O 12. O-O Rad8 13. Qb3 Bg4 14. Rfd1 Bxc3
15. Qxc3 Ne7 16. b3 Nf5 17. Bf2 c6 18. h3 Bxf3 19. Bxf3 Qc7 20. Be4 Ne7 21. Qc2
g6 22. Bh4 h5 23. Bf6 c5 24. Qd2 Kh7 25. Qg5 Nf5 26. g4 Ng3 27. gxh5 Nxe4 28.
hxg6+ fxg6 29. Qh4+ Kg8 30. Qh8+ Kf7 31. Qg7+ Ke8 32. Qxc7 Rf7 1-0

[Event "Frankfurt Ch 2012"]
[Site "Ffm-Kalbach, LAZ"]
[Date "2012.06.11"]
[Round "6.35"]
[White "Imelmann, Esther"]
[Black "Haftmann, Rainer"]
[Result "0-1"]
[WhiteElo "1599"]
[BlackElo "1845"]
[PlyCount "73"]
[EventDate "2012.??.??"]
[WhiteTeam "SC 1961 König Nied"]
[BlackTeam "SAbt SG 1945 Dietzenbach"]

1. d4 Nf6 2. c4 e6 3. Nc3 d5 4. Bg5 Nbd7 5. Nf3 Be7 6. e3 c6 7. Qc2 O-O 8. a3
Re8 9. Bd3 dxc4 10. Bxc4 Nd5 11. Bxe7 Qxe7 12. O-O Nxc3 13. Qxc3 e5 14. dxe5
Nxe5 15. Nxe5 Qxe5 16. Qxe5 Rxe5 17. Rfd1 Bf5 18. Rd2 Rc5 19. Be2 Kf8 20. f3 b5
21. e4 Be6 22. Rad1 Bb3 23. Rd8+ Rxd8 24. Rxd8+ Ke7 25. Rd2 a5 26. Kf2 f6 27.
Ke3 Rc1 28. f4 b4 29. axb4 axb4 30. Bg4 c5 31. Rd7+ Kf8 32. Rd8+ Kf7 33. Rd7+
Kg6 34. Bf5+ Kh6 35. e5 fxe5 36. Rd6+ g6 37. fxe5 {Rest unleserlich!} 0-1

[Event "Frankfurt Ch 2012"]
[Site "Ffm-Kalbach, LAZ"]
[Date "2012.06.11"]
[Round "6.36"]
[White "Meyer, Kai-Christian"]
[Black "Rauscher, Joachim"]
[Result "1-0"]
[WhiteElo "2139"]
[BlackElo "1689"]
[PlyCount "57"]
[EventDate "2012.??.??"]
[WhiteTeam "Sfr. Schöneck"]
[BlackTeam "SC Brett vor'm Kopp Ffm"]

1. g3 d5 2. Bg2 Nf6 3. Nf3 e6 4. O-O Bd6 5. d3 O-O 6. Nbd2 Nbd7 7. c4 c6 8. b3
Qc7 9. Bb2 a6 10. Qc2 Re8 11. e4 dxe4 12. dxe4 e5 13. Nh4 Nf8 14. Nf5 Bc5 15.
a3 a5 16. h3 Ng6 17. Bc3 Qb6 18. Qb2 Nh5 19. Nf3 f6 20. Kh2 Bxf5 21. exf5 Ne7
22. Nh4 Red8 23. Bf3 g6 24. fxg6 hxg6 25. Nxg6 Nxg6 26. Bxh5 Ne7 27. f4 Bd4 28.
fxe5 Bxc3 29. Qxc3 1-0

[Event "Frankfurt Ch 2012"]
[Site "Ffm-Kalbach, LAZ"]
[Date "2012.06.11"]
[Round "6.37"]
[White "Bittner, Peter"]
[Black "Bagatsch, Thomas"]
[Result "0-1"]
[WhiteElo "1682"]
[BlackElo "1984"]
[PlyCount "85"]
[EventDate "2012.??.??"]
[WhiteTeam "SC 1961 König Nied"]
[BlackTeam "SC Brett vor'm Kopp Ffm"]

1. e4 e5 2. Nf3 Nc6 3. Bb5 a6 4. Ba4 d6 5. O-O Bg4 6. c3 Qf6 7. d3 Nge7 8. h3
Bxf3 9. Qxf3 Qxf3 10. gxf3 Ng6 11. Be3 Be7 12. Nd2 O-O 13. d4 f5 14. exf5 Rxf5
15. Bb3+ Kh8 16. Bc2 Rh5 17. Bxg6 hxg6 18. d5 Nb8 19. Kh2 Nd7 20. Rg1 Kh7 21.
Rg2 Rh8 22. f4 Kg8 23. Rxg6 Rxh3+ 24. Kg2 Kf7 25. Rg3 Rh2+ 26. Kf1 exf4 27.
Bxf4 Nf6 28. Rg1 R2h3 29. c4 b5 30. b3 bxc4 31. bxc4 Ra3 32. Bg5 Rb8 33. Rg3
Rxg3 34. fxg3 Rb2 35. Ke1 Nxd5 36. Ne4 Nb4 37. Kd1 Bxg5 38. Nxg5+ Kf6 39. Ne4+
Ke5 40. Nd2 Rxa2 41. Rc1 Ra3 42. c5 Rxg3 43. cxd6 0-1

[Event "Frankfurt Ch 2012"]
[Site "Ffm-Kalbach, LAZ"]
[Date "2012.06.11"]
[Round "6.38"]
[White "Rutsatz, Mario"]
[Black "Koch, Thomas"]
[Result "1/2-1/2"]
[WhiteElo "1939"]
[BlackElo "1669"]
[PlyCount "32"]
[EventDate "2012.??.??"]
[WhiteTeam "Sfr. Frankfurt 1921"]
[BlackTeam "SV 1934 Ffm-Griesheim"]

1. e4 e6 2. d4 d5 3. Nd2 Nf6 4. e5 Nfd7 5. Bd3 c5 6. c3 Nc6 7. Ndf3 Be7 8. Ne2
b6 9. O-O h6 10. Re1 a5 11. Nf4 c4 12. Bc2 Ba6 13. Qe2 Qc7 14. Nd2 Nxd4 15.
cxd4 c3 16. Nxe6 fxe6 1/2-1/2

[Event "Frankfurt Ch 2012"]
[Site "Ffm-Kalbach, LAZ"]
[Date "2012.06.11"]
[Round "6.39"]
[White "Faqiry, Ramat"]
[Black "Cipca, Adrian"]
[Result "1-0"]
[WhiteElo "1908"]
[BlackElo "1663"]
[PlyCount "69"]
[EventDate "2012.??.??"]
[WhiteTeam "SK Bad Homburg 1927"]
[BlackTeam "SK Bad Homburg 1927"]

1. d4 Nf6 2. Nf3 g6 3. g3 Bg7 4. Bg2 O-O 5. O-O d6 6. c4 c5 7. Nc3 cxd4 8. Nxd4
Qc7 9. b3 a6 10. Bg5 Nc6 11. Rc1 Nxd4 12. Qxd4 Qc5 13. Qxc5 dxc5 14. Na4 h6 15.
Be3 Rb8 16. Bf4 Ra8 17. Nb6 Ra7 18. Bb8 Ra8 19. Nxa8 Bg4 20. Ba7 Rxa8 21. Bxc5
Rc8 22. Bxe7 Nd7 23. Rfd1 Re8 24. Bb4 Rxe2 25. Rd2 Re8 26. Bxb7 Rb8 27. Bc6 Ne5
28. Bd6 Rd8 29. Bg2 Bf8 30. c5 f6 31. f4 Nf7 32. Bd5 Kg7 33. Bxf8+ Kxf8 34. c6
Bf3 35. c7 1-0

[Event "Frankfurt Ch 2012"]
[Site "Ffm-Kalbach, LAZ"]
[Date "2012.06.11"]
[Round "6.40"]
[White "Busic, Nedjeljko"]
[Black "Becker, Karl-Heinz"]
[Result "1-0"]
[WhiteElo "1883"]
[BlackElo "1652"]
[PlyCount "80"]
[EventDate "2012.??.??"]
[WhiteTeam "SC Bad Nauheim"]
[BlackTeam "SSg Rödermark/Eppertshausen"]

1. e4 c6 2. d4 d5 3. exd5 cxd5 4. Bd3 Nc6 5. c3 Nf6 6. Bf4 e6 7. Nf3 Bd6 8. Ne5
Qc7 9. Qe2 Nd7 10. Bb5 a6 11. Bxc6 bxc6 12. Nd2 a5 13. b3 O-O 14. Bg3 Ba6 15.
c4 Nxe5 16. Bxe5 Bxe5 17. Qxe5 Qxe5+ 18. dxe5 dxc4 19. bxc4 Rfd8 20. Rc1 Rd4
21. Ke2 Rad8 22. Rc2 Rb8 23. a3 Kf8 24. Rhc1 Ke7 25. Ke3 Rd7 26. Ne4 Rb3+ 27.
Rc3 Rdb7 28. Nc5 Rxc3+ 29. Rxc3 Rb6 30. Kd4 Bc8 31. Rb3 Rxb3 32. Nxb3 a4 33.
Nc5 Kd8 34. Nxa4 Kc7 35. Kc5 f6 36. f4 Ba6 37. Nc3 f5 38. Ne2 Bc8 39. Nd4 Bd7
40. a4 h6 1-0

[Event "Frankfurt Ch 2012"]
[Site "Ffm-Kalbach, LAZ"]
[Date "2012.06.11"]
[Round "6.41"]
[White "Nagel, Norbert"]
[Black "Kraus, Roman"]
[Result "0-1"]
[WhiteElo "1779"]
[BlackElo "1647"]
[PlyCount "149"]
[EventDate "2012.??.??"]
[WhiteTeam "SC Bad Nauheim"]
[BlackTeam "SV Bergwinkel"]

1. g3 d5 2. Nf3 Nf6 3. b3 c5 4. Bg2 Nc6 5. Bb2 e6 6. O-O Be7 7. d3 O-O 8. Nbd2
Rb8 9. c4 d4 10. a3 a5 11. Qc2 Qc7 12. Ng5 Ng4 13. Ngf3 f5 14. Rfe1 e5 15. h3
Nf6 16. e3 Bd7 17. exd4 exd4 18. Nxd4 cxd4 19. c5 Rbe8 20. Nf3 b6 21. Nxd4 Nxd4
22. Bxd4 Bxc5 23. Bxc5 Qxc5 24. Qxc5 bxc5 25. Kf1 Bb5 26. Rad1 Rxe1+ 27. Kxe1
Re8+ 28. Kd2 Kf7 29. Rc1 Rd8 30. Rxc5 Bxd3 31. Ke3 Be4 32. Bxe4 fxe4 33. Rxa5
Rd3+ 34. Ke2 Rxb3 35. a4 g6 36. Ra6 Ra3 37. a5 h5 38. Ra7+ Ke6 39. a6 Nd7 40.
Ra8 Nb6 41. Re8+ Kf7 42. Rxe4 Rxa6 43. g4 Ra4 44. Rxa4 Nxa4 45. f4 hxg4 46.
hxg4 Kf6 47. Ke3 Nc5 48. Kf3 Nb7 49. Ke4 Nd6+ 50. Kf3 Nc8 51. Ke4 Ne7 52. Kf3
Kf7 53. Ke4 Nc8 54. Kf3 Nd6 55. Ke3 Kf6 56. Kf3 Ke6 57. f5+ Nxf5 58. gxf5+ Kxf5
59. Kg3 Kg5 60. Kh3 Kf4 61. Kg2 Kg4 62. Kh2 Kf3 63. Kh1 Kg3 64. Kg1 g5 65. Kh1
Kf2 66. Kh2 Kf3 67. Kg1 Kg3 68. Kh1 Kf2 69. Kh2 g4 70. Kh1 Kg3 71. Kg1 Kh3 72.
Kh1 Kg3 73. Kg1 Kh3 74. Kh1 g3 75. Kg1 0-1

[Event "Frankfurt Ch 2012"]
[Site "Ffm-Kalbach, LAZ"]
[Date "2012.06.11"]
[Round "6.42"]
[White "Balzereit, Georg"]
[Black "Schellen, Sven"]
[Result "1-0"]
[WhiteElo "1607"]
[BlackElo "1770"]
[PlyCount "53"]
[EventDate "2012.??.??"]
[WhiteTeam "vereinslos"]
[BlackTeam "Sfr. Frankfurt 1921"]

1. e4 c5 2. Nf3 Nc6 3. d4 cxd4 4. Nxd4 d6 5. Nc3 g6 6. Be3 Bg7 7. Bc4 Nf6 8. f3
d5 9. exd5 Nb4 10. Nde2 Bf5 11. Bb3 a5 12. Ng3 a4 13. Nxf5 axb3 14. Nxg7+ Kf8
15. Bh6 bxc2 16. Qd4 Qa5 17. Nh5+ Ke8 18. Nxf6+ exf6 19. a3 Kd7 20. O-O Na6 21.
Qxf6 Rhe8 22. Bg5 Qc5+ 23. Kh1 Rf8 24. Rfe1 Rae8 25. Na4 Rxe1+ 26. Rxe1 Re8 27.
Nxc5+ 1-0

[Event "Frankfurt Ch 2012"]
[Site "Ffm-Kalbach, LAZ"]
[Date "2012.06.11"]
[Round "6.43"]
[White "Schneider, Marco"]
[Black "Reichel, Rolf"]
[Result "1-0"]
[WhiteElo "1750"]
[BlackElo "1619"]
[PlyCount "57"]
[EventDate "2012.??.??"]
[WhiteTeam "SC Nidderau"]
[BlackTeam "Sfr. Frankfurt 1921"]

1. Nf3 c5 2. g3 d5 3. Bg2 Nc6 4. d3 Bg4 5. Nbd2 Nf6 6. h3 Bf5 7. O-O e5 8. Nh4
Be6 9. e4 d4 10. f4 exf4 11. gxf4 Be7 12. Nhf3 g6 13. Ng5 Qd7 14. Nxe6 fxe6 15.
Nf3 O-O-O 16. a3 a6 17. Bd2 h6 18. b4 cxb4 19. axb4 Bxb4 20. Ne5 Nxe5 21. Bxb4
Nc6 22. Qd2 Nxb4 23. Qxb4 Rh7 24. Rfb1 Qc7 25. e5 Nd5 26. Qxd4 Nc3 27. Bxb7+
Kb8 28. Qa7+ Kxa7 29. Rxa6+ 1-0

[Event "Frankfurt Ch 2012"]
[Site "Ffm-Kalbach, LAZ"]
[Date "2012.06.11"]
[Round "6.44"]
[White "Storch, Dominik"]
[Black "Muthig, Holger"]
[Result "1-0"]
[WhiteElo "1730"]
[BlackElo "1599"]
[PlyCount "99"]
[EventDate "2012.??.??"]
[WhiteTeam "Sabt Frankfurter TV 1860"]
[BlackTeam "Sfr. Frankfurt 1921"]

1. f4 c5 2. e3 d5 3. Nf3 Nf6 4. b3 Nc6 5. Bb2 e6 6. Bb5 Bd6 7. O-O O-O 8. Bxc6
bxc6 9. Ne5 Bxe5 10. Bxe5 Nd7 11. Bb2 f5 12. d3 Nf6 13. Nd2 Ng4 14. Qe1 Bd7 15.
Qg3 Qe8 16. Rae1 Nf6 17. Nf3 a5 18. a4 Qe7 19. Ne5 Be8 20. Qf2 Qd6 21. Qd2 Nd7
22. Nxd7 Bxd7 23. Ba3 d4 24. exd4 Qxd4+ 25. Qf2 Rfe8 26. Bxc5 Qxf2+ 27. Rxf2
Kf7 28. Re5 Ra6 29. Rfe2 g6 30. R2e3 h5 31. Kf2 Rc8 32. Bd4 c5 33. Rxc5 Rxc5
34. Bxc5 Rc6 35. Re5 Kf6 36. h4 Bc8 37. Ke3 Bb7 38. g3 Rc8 39. Kd2 Bd5 40. Bd4
Kf7 41. c4 Bg2 42. Rxa5 Rb8 43. Kc3 Bf1 44. Rb5 Rxb5 45. axb5 Bg2 46. c5 Ke7
47. c6 Kd8 48. Be5 Kc8 49. Kd4 Bd5 50. b4 1-0

[Event "Frankfurt Ch 2012"]
[Site "Ffm-Kalbach, LAZ"]
[Date "2012.06.11"]
[Round "6.46"]
[White "Weber, Andreas"]
[Black "Sallwey, Rainer"]
[Result "1/2-1/2"]
[WhiteElo "1723"]
[BlackElo "1561"]
[PlyCount "64"]
[EventDate "2012.??.??"]
[WhiteTeam "SC Flörsheim 1921"]
[BlackTeam "SK Langen"]

1. d4 d5 2. Nf3 Nf6 3. g3 c6 4. Bg2 Bg4 5. O-O Bxf3 6. Bxf3 e6 7. c4 Be7 8. Qc2
O-O 9. Re1 Na6 10. a3 Nc7 11. Bf4 h6 12. Nd2 Bd6 13. Rad1 Bxf4 14. gxf4 Qd6 15.
e3 g6 16. Kh1 Kh8 17. c5 Qe7 18. Rg1 Rg8 19. Be2 Rg7 20. Rg2 Rag8 21. Rdg1 Nh7
22. Bd3 f5 23. Nf3 Ne8 24. Ne5 Nf8 25. f3 Nf6 26. b4 a6 27. Qf2 N6d7 28. Be2
Nxe5 29. fxe5 g5 30. a4 Nh7 31. Qf1 Qd8 32. Qf2 Qe7 1/2-1/2

[Event "Frankfurt Ch 2012"]
[Site "Ffm-Kalbach, LAZ"]
[Date "2012.06.11"]
[Round "6.47"]
[White "Bastian, Holger"]
[Black "Mehl, Ulrich"]
[Result "0-1"]
[WhiteElo "1690"]
[BlackElo "1553"]
[PlyCount "80"]
[EventDate "2012.??.??"]
[WhiteTeam "Aschaffenburg- Schweinheim e.V."]
[BlackTeam "SAbt TSG Nieder-Erlenbach 1888"]

1. e4 c5 2. Nf3 e6 3. d3 Nc6 4. g3 d6 5. Bg2 Nf6 6. O-O Be7 7. Nbd2 O-O 8. Re1
Qc7 9. c3 b6 10. h4 Bb7 11. Nf1 Rfd8 12. N1h2 Ne8 13. h5 h6 14. Ng4 Bf8 15. Bf4
e5 16. Be3 Qe7 17. Nh4 Bc8 18. Nf5 Bxf5 19. exf5 Rac8 20. Qf3 Nf6 21. Nh2 Nh7
22. Qg4 Nf6 23. Qa4 Nb8 24. g4 Qd7 25. Qd1 Re8 26. Bh3 Nh7 27. Nf3 f6 28. Bg2
d5 29. Nh4 Ng5 30. Qb3 c4 31. dxc4 dxc4 32. Qc2 Qc7 33. Rad1 Rcd8 34. Qa4 e4
35. Re2 Rxd1+ 36. Qxd1 Rd8 37. Rd2 Rd3 38. Bf1 Rxe3 39. fxe3 Qg3+ 40. Ng2 Nf3+
0-1

[Event "Frankfurt Ch 2012"]
[Site "Ffm-Kalbach, LAZ"]
[Date "2012.06.11"]
[Round "6.48"]
[White "Willenbring, Jens-Dirk"]
[Black "Zerhusen, Martin"]
[Result "0-1"]
[WhiteElo "1522"]
[BlackElo "1610"]
[PlyCount "100"]
[EventDate "2012.??.??"]
[WhiteTeam "Bad Vilbeler Sfr.1985"]
[BlackTeam "SV Oberursel"]

1. d4 d5 2. g3 Nf6 3. Bg2 e6 4. Nf3 c5 5. c3 Nc6 6. Bg5 cxd4 7. Nxd4 Be7 8. O-O
Qb6 9. b3 Bd7 10. Nxc6 Bxc6 11. Nd2 Bb5 12. Nf3 Rc8 13. Rc1 O-O 14. Re1 h6 15.
Be3 Qa5 16. Nd4 Ba6 17. Qd2 b5 18. b4 Qc7 19. Nb3 Nd7 20. Bd4 Nb6 21. Bc5 Na4
22. Bxe7 Qxe7 23. e4 dxe4 24. Rxe4 Bb7 25. Rg4 Kh8 26. Bxb7 Qxb7 27. c4 Rfd8
28. Qe3 bxc4 29. Nc5 Qxb4 30. Nxa4 Qxa4 31. Qc3 f6 32. Rxc4 Rd1+ 33. Rxd1 Qxd1+
34. Kg2 Qd5+ 35. Kg1 Qxc4 36. Qd2 Qc1+ 37. Qxc1 Rxc1+ 38. Kg2 Ra1 39. a4 Rxa4
40. Kf3 Rd4 41. Ke3 e5 42. f4 a5 43. g4 a4 44. h4 a3 45. g5 a2 46. gxf6 a1=Q
47. fxg7+ Kxg7 48. fxe5 Qc3+ 49. Ke2 Rd2+ 50. Ke1 Qc1# 0-1

[Event "Frankfurt Ch 2012"]
[Site "Ffm-Kalbach, LAZ"]
[Date "2012.06.11"]
[Round "6.49"]
[White "Stulken, Dietmar"]
[Black "Lemonidis, Christos"]
[Result "1/2-1/2"]
[WhiteElo "1418"]
[BlackElo "1702"]
[PlyCount "106"]
[EventDate "2012.??.??"]
[WhiteTeam "Sfr. Frankfurt 1921"]
[BlackTeam "SC 1961 König Nied"]

1. e4 d6 2. d4 g6 3. Nc3 Bg7 4. Nf3 Nc6 5. Be2 Bg4 6. Be3 a6 7. a4 Qc8 8. h3
Bd7 9. Bc4 e6 10. Ba2 Nge7 11. Qd2 h6 12. Qd1 O-O 13. Qd2 Kh7 14. g4 Nb4 15. e5
Nxa2 16. Rxa2 Bc6 17. Ke2 dxe5 18. dxe5 Rd8 19. Qc1 b5 20. Rg1 b4 21. Nb1 Bd5
22. b3 Bxf3+ 23. Kxf3 Qb7+ 24. Ke2 Bxe5 25. Bxh6 Qe4+ 26. Qe3 Qxe3+ 27. Bxe3 a5
28. Bd2 Nd5 29. g5 Ra6 30. Rg4 Rc6 31. Rc4 Rxc4 32. bxc4 Nb6 33. c5 Nc4 34. Be1
Rd5 35. c6 Rc5 36. Nd2 Nxd2 37. Bxd2 Rxc6 38. Kd1 Rc4 39. Be1 Rh4 40. c3 bxc3
41. Rc2 Rxh3 42. Ke2 Kg8 43. f3 Rh2+ 44. Kd3 Rxc2 45. Kxc2 Kf8 46. Bxc3 Bxc3
47. Kxc3 Ke7 48. Kc4 c6 49. Kc5 Kd7 50. Kb6 Kd6 51. Kxa5 Kc7 52. Kb4 Kb6 53.
a5+ Ka6 1/2-1/2

[Event "Frankfurt Ch 2012"]
[Site "Ffm-Kalbach, LAZ"]
[Date "2012.06.11"]
[Round "6.50"]
[White "Midanka, Vladimir"]
[Black "Crnjac, Zdravko"]
[Result "0-1"]
[WhiteElo "1619"]
[BlackElo "1468"]
[PlyCount "60"]
[EventDate "2012.??.??"]
[WhiteTeam "vereinslos"]
[BlackTeam "SAbt TSG Nieder-Erlenbach 1888"]

1. e4 d6 2. d4 e6 3. Bd3 h6 4. Nf3 Ne7 5. Nc3 a6 6. O-O g5 7. Ne1 Nd7 8. Be2
Ng6 9. Nd3 e5 10. dxe5 Ndxe5 11. f4 gxf4 12. Nxf4 c6 13. Be3 Bd7 14. Nh5 Be7
15. Ng7+ Kf8 16. Nf5 Be6 17. Bxh6+ Ke8 18. Ng7+ Kd7 19. Be3 Bg5 20. Bxg5 Qxg5
21. Nf5 Bxf5 22. Rxf5 Qe3+ 23. Kh1 Nf4 24. Rxe5 Rag8 25. Bg4+ Kc7 26. Re7+ Kb6
27. Bf3 Rxh2+ 28. Kxh2 Rh8+ 29. Kg3 Rg8+ 30. Kh2 Qf2 0-1

[Event "Frankfurt Ch 2012"]
[Site "Ffm-Kalbach, LAZ"]
[Date "2012.06.11"]
[Round "6.51"]
[White "Günther, Rainer"]
[Black "Bergner, Matthias"]
[Result "1/2-1/2"]
[WhiteElo "1603"]
[BlackElo "1514"]
[PlyCount "158"]
[EventDate "2012.??.??"]
[WhiteTeam "SV Mainz-Mombach"]
[BlackTeam "SF Hannover"]

1. e4 e6 2. d4 d5 3. e5 c5 4. c3 Nc6 5. Nf3 f5 6. Be2 cxd4 7. cxd4 Bb4+ 8. Nc3
Nge7 9. O-O O-O 10. a3 Ba5 11. b4 Bc7 12. Qd3 Bd7 13. Ng5 Qe8 14. Nb5 Bb8 15.
Rd1 a6 16. Nc3 h6 17. Nf3 Qg6 18. Nh4 Qh7 19. Qg3 g5 20. Nf3 Qg6 21. Ne1 Ba7
22. Nc2 Rac8 23. a4 f4 24. Qd3 Qxd3 25. Rxd3 Nf5 26. b5 Ncxd4 27. Nxd4 Bxd4 28.
Bb2 Bxe5 29. Rc1 axb5 30. Ba3 Bd6 31. Bxd6 Nxd6 32. Rb1 bxa4 33. Na2 b5 34. Nb4
Kg7 35. Bg4 Kf6 36. Nxd5+ Kg7 37. Nb6 Be8 38. Nxc8 Nxc8 39. Rd8 Bg6 40. Rxf8
Kxf8 41. Rxb5 Ke7 42. Bd1 Be8 43. Ra5 Nd6 44. Bxa4 Bxa4 45. Rxa4 Kf6 46. f3 h5
47. Kf2 Nf5 48. g3 fxg3+ 49. hxg3 Ke5 50. Re4+ Kf6 51. Ra4 h4 52. gxh4 Nxh4 53.
Kg3 Nf5+ 54. Kg4 Ne3+ 55. Kh5 Nd5 56. Rg4 Nf4+ 57. Kh6 Nd5 58. Rxg5 Ne3 59. Ra5
e5 60. Kh5 Kf5 61. Ra4 Nd5 62. Kh4 Nf6 63. Kg3 Nh5+ 64. Kf2 Nf4 65. Ke3 Nd5+
66. Kd3 Nf6 67. Rb4 Nd5 68. Rb5 Nf6 69. Ke3 Ke6 70. Ra5 Nd5+ 71. Kd2 Nf6 72.
Kd3 Kf5 73. Ke3 Ke6 74. f4 exf4+ 75. Kxf4 Nd5+ 76. Ke4 Nf6+ 77. Kd4 Nd7 78.
Ra6+ Kf5 79. Ke3 Nc5 1/2-1/2

[Event "Frankfurt Ch 2012"]
[Site "Ffm-Kalbach, LAZ"]
[Date "2012.06.11"]
[Round "6.52"]
[White "Steiz, Johann"]
[Black "Weber, Axel"]
[Result "0-1"]
[WhiteElo "1598"]
[BlackElo "1490"]
[PlyCount "56"]
[EventDate "2012.??.??"]
[WhiteTeam "ESV Grossenbaum e.V. 1973"]
[BlackTeam "Sfr. Frankfurt 1921"]

1. e4 e6 2. d4 d5 3. e5 c5 4. c3 Nc6 5. Nf3 Nge7 6. Na3 a6 7. Nc2 cxd4 8. cxd4
Ng6 9. Be2 Be7 10. a3 Bd7 11. O-O O-O 12. Re1 Rc8 13. Bd3 Na5 14. Ne3 Nf4 15.
Bb1 Ng6 16. Bd2 Qb6 17. b4 Nc6 18. Nc2 a5 19. bxa5 Nxa5 20. Bxa5 Qxa5 21. Re3
Ba4 22. Ra2 Qb6 23. Qd2 Qxb1+ 24. Nce1 Nh4 25. Nxh4 Bxh4 26. Rh3 Rc1 27. Re3
Bg5 28. Rb2 Bxe3 0-1